00362nam a2200133Ia 4500008004100000020001500041041001200056082001600068100001600084245007100100260003600171300000800207650001300215221030s9999 xx 000 0 und d a8121910536 aEnglish a105.23bMeh aV. K. Mehta 0aPrinciples of Electrical Engineering & Electronicscby V. K. Mehta bS. Chand & Co.aNew Delhic2001 a721 aECE & EE